Logo BPK

Biblioteka

Politechniki Koszalińskiej

Kształcenie robotników i techników w Polsce i krajach sąsiednich / (Rekord nr 16292)

Szczegóły MARC
000 -ETYKIETA REKORDU
podpole kontrolne o stałej długości 00514nam a2200169 i 4500
001 - NUMER KONTROLNY REKORDU
pole kontrolne bg
040 ## - ŹRÓDŁO KATALOGOWANIA
Instytucja, która utworzyła rekord BPK
041 ## - KOD JĘZYKA
Kod języka tekstu pol
080 ## - UNIWERSALNA KLASYFIKACJA DZIESIĘTNA - UKD
UKD 377:331.86
008 - POLE O STAŁEJ DŁUGOŚCI - DANE KONTROLNE
podpole kontrolne o stałej długości s pl f |000 0 pol
100 1# - NAZWA OSOBOWA
Nazwa osobowa GODLEWSKI, Michał
245 #0 - TYTUŁ/ODPOWIEDZIALNOŚĆ
Tytuł Kształcenie robotników i techników w Polsce i krajach sąsiednich /
Pozostałe elementy strefy tytułu i oznaczenia odpowiedzialności Michał Godlewski.
260 ## - STREFA ADRESU WYDAWNICZEGO
Miejsce wydania [Warszawa] :
Nazwa wydawcy/dystrybutora Państw. Wydawn. Szkoln. Zaw.,
Data publikacji, dystrybucji/powstania dokumentu [1968].
300 ## - STREFA OPISU FIZYCZNEGO
Objętość s. 173, nlb. 2 :
Inne cechy fizyczne rys., tab.
504 ## - UWAGA DOTYCZĄCA BIBLIOGRAFII
Informacje o bibliografii [Zawiera bibliogr. s. 170-172].
856 ## - LOKALIZACJA I DOSTĘP DO ELEKTRONICZNYCH DOKUMENTÓW ZDALNYCH
Link (URL) http://koha.tu.koszalin.pl/cgi-bin/koha/opac-detail.pl?biblionumber=16292
Tekst linku Katalog online BPK
942 ## - DODATKOWE ELEMENTY (KOHA)
Typ dokumentu Książka
Egzemplarze
Wycofany Status egzemplarza Uszkodzony Dostępność Lokalizacja stała Lokalizacja bieżąca Miejsce przechowywania Sygnatura Kod kreskowy Typ dokumentu
      Dostępny Biblioteka Politechniki Koszalińskiej Biblioteka Politechniki Koszalińskiej Wypożyczalnia BG 19943 01708707 Książka
© 2023 Biblioteka Politechniki Koszalińskiej :: KOHA